000 01132nam a2200277 a 4500
001 000044961
003 DO-SdBNP
005 20220307113322.0
008 150127s2014 dr ac 000 0 spa d
020 _a9789945855524
040 _aDO-SdBNP
_bspa
_cBPMSU
082 _a923.297293
_bD812S 2014
_222
100 1 _aSuazo Ruiz, Sócrates Danilo
245 1 3 _aLa república inmortal de Duarte :
_bhomenaje de las Fuerzas Armadas al padre de la patria en el bicentenario de su natalicio, 1813-2013 /
_cSócrates Danilo Suazo Ruiz ; prólogo almirante Sigfrido A. Pared Pérez
260 _aSanto Domingo :
_bFundación Patria Visual,
_bBanreservas,
_c2014.
300 _a159 p. :
_bil., retrs. ;
_c30 cm.
500 _aIncluye índice onomástico
504 _aBibliografía : p. 154-155
590 _6Inventariado, 2021/VM
600 1 4 _a Duarte y Diez, Juan Pablo,
_d 1813-1876
_vHomenajes póstumos
651 4 _aRepública Dominicana
_xHistoria
700 1 _aPared Pérez, Sigfrida A.,
_epról.
710 4 _aComisión Permanentes de Eférides Patrias (República Dominicana)
910 _aVMateo V.
942 _2ddc
_cBK
999 _c13887
_d13887